| 000 | 00721nam a2200217Ia 4500 | ||
|---|---|---|---|
| 005 | 20220920150924.0 | ||
| 008 | 210716s2010 xx 000 0 und d | ||
| 020 | _a9789350231531 | ||
| 040 | _cAIMIT LIBRARY | ||
| 041 | _aeng | ||
| 082 | _a005.3622 HAUS | ||
| 100 |
_aHauschildt, Sofia. _958055 |
||
| 245 |
_aCMS made simple 1.6 : _bcreate a fully functional and professional website using cms made simple / _cBy Sofia Hauschildt. |
||
| 250 | _a1 | ||
| 260 |
_aNew Delhi : _bShroff Publishers and Distributors Pvt Ltd , _c2010. |
||
| 300 |
_aviii,347,7 p.; _c23.5 cm. |
||
| 650 | _2Getting started | ||
| 650 | _2using core modules | ||
| 650 | _2Using third party modules | ||
| 942 |
_2ddc _cBK _e1st _k005.3622 HAUS |
||
| 999 |
_c194818 _d194818 |
||